| 000 | 00496nam a2200157Ia 4500 | ||
|---|---|---|---|
| 008 | 170221s9999 xx 000 0 und d | ||
| 100 | _aIbrahim Sani | ||
| 245 | 4 | _aThe use of Verbal and Visual Metaphors in the Construction of Satire in Nigerian Political Cartoons | |
| 245 | _cIbrahim Sani | ||
| 260 | _bOnline Journal of Communication and Media Technologies | ||
| 260 | _c2013 | ||
| 300 | _a33 : 4 | ||
| 650 | _xCommunication | ||
| 650 | _xMedia Arts | ||
| 856 | _uhttp://www.ojcmt.net/ | ||
| 999 |
_c311005 _d311005 |
||